[Event "Dortmund SuperGM 40th"]
[Site "Dortmund"]
[Date "2012.07.14"]
[Round "2"]
[White "Bartel, Mateusz"]
[Black "Karjakin, Sergey"]
[Result "0-1"]
[WhiteElo "2674"]
[BlackElo "2779"]
[Annotator "Marin,M"]
[PlyCount "68"]
[EventDate "2012.07.13"]
[EventType "tourn"]
[EventRounds "9"]
[EventCountry "GER"]
[EventCategory "19"]
[SourceTitle "CBM 150"]
[Source "ChessBase"]
[SourceDate "2012.09.14"]
[SourceVersion "1"]
[SourceVersionDate "2012.09.14"]
[SourceQuality "1"]

1. Nf3 Nf6 2. c4 b6 3. Nc3 Bb7 4. d4 e6 5. a3 d5 6. cxd5 Nxd5 7. Qa4+ Nd7 8.
Nxd5 Bxd5 9. Qc2 Bb7 10. e4 Be7 11. Bf4 (11. Bb5 O-O 12. Bc6 Nc5 $5 (12... Bxc6
13. Qxc6 Nf6 14. Bg5 $14 {Malaniuk,V (2495)-Novikov,I (2490)/Lvov 1986/EXT 97 
(0-1, 40)}) 13. Bxb7 Nxb7 14. O-O c5 {Mchedlishvili,M (2628)-Werle,J (2574)/
Deutschland 2010/EXT 2012 (1/2, 22)}) 11... Rc8 12. Rd1 O-O 13. Bd3 c5 14. d5
c4 15. Be2 exd5 16. exd5 Nc5 $146 (16... Bf6 17. h4 Re8 18. Ng5 {Kincs,I (2282)
-Amstadt,A (2063)/Zalakaros 2008/CBM 124 Extra (0-1, 44)}) 17. d6 Bf6 18. Qxc4
$2 {After this move Black's counterplay unfolds at deadly speed.} ({White
probably thought that he had to eliminate the c4-pawn in order to avoid the
knight's being installed on d3, but} 18. O-O Bxf3 19. Bxf3 Nd3 20. Rxd3 cxd3
21. Qxd3 $44 {would have been a better continuation than that from the game.})
18... Ne6 $1 $17 19. Qb4 Rc2 20. Be3 (20. Rd2 a5 21. Qa4 Rc1+ 22. Rd1 Bc6 $19 {
[%csl Ga4,Gb4,Gc4,Gd4,Ge4,Gf4] Black controls all the important squares along
the fourth rank, causing White material losses.}) 20... Rxb2 21. Qc4 Qd7 22.
Bd3 Rc8 23. Qg4 Rc6 24. Bf4 Bc3+ 25. Kf1 Rc5 26. Ng5 h5 27. Qxh5 Nxg5 28. Bxg5
g6 29. Bxg6 fxg6 30. Qxg6+ Bg7 31. Be3 Rd5 32. Ke1 Qxd6 33. Qxd6 Bc3+ 34. Kf1
Rxd6 0-1

[Event "EU-ch 12th"]
[Site "Aix les Bains"]
[Date "2011.03.31"]
[Round "9"]
[White "Vitiugov, Nikita"]
[Black "Iordachescu, Viorel"]
[Result "1/2-1/2"]
[WhiteElo "2720"]
[BlackElo "2626"]
[Annotator "Marin,M"]
[PlyCount "46"]
[EventDate "2011.03.22"]
[EventType "swiss"]
[EventRounds "11"]
[EventCountry "FRA"]
[SourceTitle "CBM 142 Extra"]
[Source "ChessBase"]
[SourceDate "2011.06.27"]
[SourceVersion "1"]
[SourceVersionDate "2011.06.27"]
[SourceQuality "1"]

1. d4 Nf6 2. c4 e6 3. Nf3 b6 4. a3 Ba6 5. Qb3 ({By keeping the d5-square under
control, White probably wished to avoid the variation} 5. Qc2 Bb7 6. Nc3 c5)
5... Nc6 $5 {A truly hypermodern move. Indeed, it may seem that Black is
playing a Pirc on the opposite wing! The last move is aimed at proving that
the queen is more exposed on b3 than it would be on c2.} 6. Qc2 b5 $5 {After
this original way of fighting for space, the only opening with which the
position will keep some similarity is the Orang-utang!} 7. cxb5 (7. c5 Qc8 8.
b4 Bb7 9. Nc3 a6 10. e4 Ne7 11. Be2 g6 12. O-O Bg7 13. Nd2 Nfg8 14. Nb3 f5 15.
f3 Nf6 {Farago,I (2515)-Fauland,A (2445)/Austria 1995/CBM 045 ext (1/2, 81)})
7... Bxb5 8. Nc3 Ba6 9. e4 $146 (9. b4 Bc4 10. e4 {Kizov,A (2363)-Rajkovic,D 
(2491)/Bajmok 2001/CBM 080 ext (1/2, 60)}) 9... Bxf1 10. Kxf1 Be7 {After the
exchange of one minor piece, Black enjoys higher freedom of action despite the
lack of space. Besides, White will need to invest a few tempi in connecting
his rooks.} 11. d5 Na5 12. dxe6 fxe6 13. e5 Nd5 14. Nxd5 exd5 {Black finally
has occupied the d5-square with a pawn, but not the one which we would have
expected!} 15. h4 Qb8 16. Bg5 Qb5+ 17. Kg1 Qc4 18. Qf5 g6 19. Qh3 Nb3 20. Re1
Bxg5 21. Nxg5 Nd4 22. Qg4 h5 23. Qd1 Rb8 1/2-1/2

[Event "SWE-chT 0001"]
[Site "Sweden"]
[Date "2000.10.13"]
[Round "1"]
[White "Sokolov, Ivan"]
[Black "Astrom, Robert"]
[Result "1-0"]
[WhiteElo "2471"]
[BlackElo "2468"]
[Annotator "Marklund,N"]
[PlyCount "59"]
[EventDate "2000.10.13"]
[EventType "team"]
[EventRounds "11"]
[EventCountry "SWE"]
[SourceTitle "EXT 2006"]
[Source "ChessBase"]
[SourceDate "2005.11.24"]
[SourceVersion "1"]
[SourceVersionDate "2005.11.24"]
[SourceQuality "1"]
[WhiteTeam "Limhamn"]
[BlackTeam "Lulea "]
[WhiteTeamCountry "SWE"]
[BlackTeamCountry "SWE"]

1. d4 Nf6 2. c4 e6 3. Nf3 b6 4. Nc3 Bb7 5. a3 g6 6. Qc2 Bg7 7. e4 O-O 8. e5 Nh5
$1 9. Be2 f6 10. exf6 ({Here Sokolov had the possibility to complicate the
game with:} 10. g4 fxe5 11. gxh5 Rxf3 12. d5 $1 $14) 10... Qxf6 11. O-O Nf4 12.
Bxf4 Qxf4 {Black has equalised, since all his pieces have active posts. Now
white must centralize his rooks and restrain the Bb7 with the d5 push.} 13.
Rad1 Nc6 14. d5 Nd4 15. Nxd4 Bxd4 $15 16. Bf3 $2 (16. Bd3 {was necessary.})
16... Be5 {Now white can't parry mate with g3 and loses a pawn.} 17. Rfe1 Qxh2+
18. Kf1 Rae8 $1 {Black threatens to open e-file and mate with Qh1.} 19. Re3
Bxc3 $1 20. Qxc3 exd5 21. Rxd5 $8 {Up to this point black has played excellent,
but being an hour behind on the clock starts to tell.} (21. cxd5 Ba6+ $19) (21.
Bxd5+ Bxd5 22. Rxd5 Qh1+ 23. Ke2 Qxg2 $19) 21... d6 $6 (21... Qh1+ $1 22. Ke2
d6 {White has no constructive moves to make.} 23. b4 Rxe3+ 24. fxe3 (24. Qxe3
Bc6 $19) 24... Qh4 {After Rfe8 black can win the exchange.}) 22. g3 $1 Bc6 23.
Rxe8 Rxe8 24. Rh5 $1 gxh5 25. Bxc6 Re5 26. Bd5+ Kg7 $2 ({In timetrouble black
makes a miscalculation. It was necessary to settle for a draw with for example:
} 26... Rxd5 27. cxd5 Qh1+ 28. Ke2 Qe4+ 29. Kf1 $11) 27. Bg2 $1 Kg8 ({Black
had missed this line when he played 26..Kg7:} 27... h4 28. f4 h3 29. Bf3 $1 $18
) 28. Qd2 $1 h4 $2 29. f4 Re6 30. Qd5 (30. Qd5 Kf7 31. f5) 1-0

[Event "Merida"]
[Site "Merida"]
[Date "2000.06.17"]
[Round "4"]
[White "Akopian, Vladimir Eduardovic"]
[Black "Polgar, Judit"]
[Result "0-1"]
[WhiteElo "2660"]
[BlackElo "2658"]
[Annotator "McShane,L"]
[PlyCount "70"]
[EventDate "2000.06.13"]
[EventType "tourn"]
[EventRounds "6"]
[EventCountry "MEX"]
[EventCategory "17"]
[SourceTitle "CBM 078"]
[Source "ChessBase"]
[SourceDate "2000.10.18"]
[SourceVersion "1"]
[SourceVersionDate "2000.10.18"]
[SourceQuality "1"]

1. d4 Nf6 2. c4 e6 3. Nf3 b6 4. a3 Bb7 5. Nc3 d5 6. cxd5 Nxd5 7. Bd2 Nd7 8.
Nxd5 exd5 9. g3 Bd6 10. Bg5 Be7 11. Bxe7 Qxe7 12. Rc1 c5 13. Bh3 O-O {Black
must play actively, as the centre is to White's advantage.} 14. dxc5 (14. Bxd7
Qxd7 15. dxc5 d4 {creates counterplay, as} 16. O-O d3 17. Ne5 {can be met by}
Qd5) 14... bxc5 15. Bxd7 Qxd7 16. Rxc5 Qh3 {The fact that White cannot castle
is a considerable handicap, but the black bishop could become bad, and a pawn
is a pawn.} (16... d4 17. O-O d3 18. Ne5) 17. Qd3 $1 {White wants to keep d4
free for the knight, but must be ready to meet Qg2 with Qf3.} Rac8 18. Rxc8
Rxc8 19. Qb5 $2 (19. Kd2 {was much better, and White holds the advantage.} d4 (
19... Qh6+ 20. Qe3) (19... Qg2 20. Rd1 Qxf2 21. Qd4 {with a big positional
advantage - when the queens come off the king belongs in the centre.}) 20. Qxd4
(20. Rd1 Qh6+ 21. Ke1 Bxf3 22. Qxf3 Qxh2 {is less clear.}) 20... Qh6+ 21. Qe3
Qd6+ 22. Ke1 {and White moves his king around to g2.}) 19... Bc6 20. Qd3 (20.
Qa6 d4 {with a big initiative.}) 20... Ba4 21. Qe3 h6 {With the back rank
problem covered the rook threatens to cause damage.} 22. Nd4 Qg2 23. Rf1 Bd7 $1
{A neat switchback breaks down the defenses.} 24. Nf3 (24. f4 Bh3 25. Rg1 (25.
Rf2 Qg1+) 25... Rc1+ {wins.}) 24... d4 25. Qf4 (25. Nxd4 Bh3 {and Rg1 is no
longer available.}) 25... g5 26. Nxg5 (26. Qd2 Re8 27. Ng1 {looks desperate,
but after the piece is lost its all over.}) 26... hxg5 27. Qxg5+ Kf8 28. Qh6+
Ke8 29. f3 Rc6 30. Qf4 Qxh2 31. Qb8+ Ke7 32. Kd2 Rc2+ 33. Kxc2 Qxe2+ 34. Kb3
Qxf1 35. Qb4+ Ke6 {and there are no more checks.} 0-1

[Event "Abu Dhabi op 23rd"]
[Site "Abu Dhabi"]
[Date "2016.08.25"]
[Round "6"]
[White "Mekhitarian, Krikor Sevag"]
[Black "Eggleston, David"]
[Result "1-0"]
[WhiteElo "2550"]
[BlackElo "2384"]
[Annotator "Mekhitarian,K"]
[PlyCount "99"]
[EventDate "2016.08.21"]
[EventType "swiss"]
[EventRounds "9"]
[EventCountry "UAE"]
[SourceTitle "CBM 175"]
[Source "ChessBase"]
[SourceDate "2016.11.10"]
[SourceVersion "1"]
[SourceVersionDate "2016.11.10"]
[SourceQuality "1"]

1. d4 Nf6 2. c4 e6 3. Nf3 b6 4. a3 Bb7 5. Nc3 d5 6. cxd5 exd5 7. Qc2 $5 {
I think that in this position, the exchange of the dark-squared bishop helps
Black. Because of that, I play Qc2 first, waiting for him to develop his
bishop first, so then I can choose where to place my c1-bishop.} Be7 (7... Bd6
8. Bg5 {This was my idea.}) 8. Bf4 a6 9. e3 O-O 10. Bd3 Nbd7 11. O-O Re8 $5 {
An interesting idea, without playing ...c5 too fast, Black does not make clear
his own intentions, and intends to bring his pieces to the kingside 
(Nf8-Ng6-Bd6 and Ne4 at some point)} (11... c5 {is a common move, but I feel
that White has good play here. For example} 12. Rad1 c4 13. Bf5 g6 14. Bh3 Re8
15. Ne5 {with good potential to expand on the kingside, now that Black has
released the pressure on d4} Bf8 $1 (15... Nf8 $6 16. Bh6 $1 Nh5 17. g4 Ng7 18.
Bg2 $16 {1-0 (31) Lalic,B (2482)-Oparin,G (2550) Pardubice 2014, followed by
f4.}) 16. g4 $5 {with interesting play} (16. Bg3 Nxe5 17. dxe5 Nh5 18. f4 Nxg3
19. hxg3 b5 20. Kh2 {1/2-1/2 (20) Lalic,B (2485)-Longson,A (2337) Ascot 2014}))
12. Rad1 Nf8 13. Rfe1 Ng6 (13... Ne4 {trying to take advantage of the e1-R
placement} 14. Bxe4 $1 (14. Nxe4 dxe4 15. Bxe4 Bxe4 16. Qxe4 Bb4 17. Qc6 Bxe1
18. Rxe1 $44 {is a playable sacrifice, but will not bring more than equality})
14... dxe4 15. Ne5 $36) 14. Be5 Bd6 (14... Ne4 $5 15. Nxe4 dxe4 16. Bxe4 Bxe4
17. Qxe4 f6 18. Qc6 $5 (18. Bg3 Bb4 19. Qc6 Bxe1 20. Rxe1 $44 {would be a
slightly improved version, but once again doesn't seem to promise much for
White}) 18... fxe5 19. Nxe5 Nxe5 20. dxe5 Qb8 21. Rd7 $44 {followed by f4 and
Red1.}) 15. e4 $5 {This was my idea, since otherwise I will have to exchange
the bishops and allow ...Ne4, when normally Black has good play:} (15. Bxd6
Qxd6 16. b4 Ne4 17. Bxe4 {this kind of exchange tends to be somewhat dangerous}
dxe4 18. Nd2 Nh4 $5 $36 (18... f5 $5 $36)) 15... dxe4 16. Nxe4 {My d4-pawn is
now isolated, but I have decent piece play in the centre to compensate for
that. Also, his queenside could be a possible target (having b6 played weakens
a6 and c7).} Nd5 $2 (16... Nxe4 $1 {was advisable, exchanging as many pieces
as possible} 17. Bxe4 Bxe4 18. Rxe4 Qd7 {during the game I was thinking about
something like Rde1 or h4, to show some initiative in exchange for having a
worse pawn structure} 19. Rde1 Bxe5 20. dxe5 Rad8 {feels extremely solid for
Black too.}) 17. Nxd6 $2 (17. Neg5 $1 $40 {I didn't pay much attention to this
move, since I thought 17.Nxd6 was a big strategic achievement already. But
apparently I have strong pressure on the kingside suddenly, threatening moves
like 18.h4!} Qd7 (17... f6 $2 18. Bxg6 hxg6 19. Qxg6 $1 $18) (17... Ndf4 18.
Bc4 Bd5 19. Bxd5 Nxd5 20. Qf5 Rf8 21. Nxh7 $1 Kxh7 $2 22. Qh5+ Kg8 23. Ng5 $18)
(17... h6 $2 18. Nxf7 Kxf7 19. Bxg6+ $18) 18. Nxh7 (18. Bf5 $5 Qc6 19. Qb1 Be7
20. Rc1 Qb5 21. h4 Bxg5 22. Nxg5 $18) 18... Kxh7 19. Ng5+ Kg8 (19... Kh6 20. h4
$1 $18 {with a decisive attack}) 20. Bxg6 fxg6 21. Qxg6 $18) 17... cxd6 18. Bg3
Rxe1+ $2 (18... Ndf4 $1 {I underestimated this move, that solves all of
Black's problems} 19. Rxe8+ (19. Bxg6 Rxe1+ 20. Rxe1 Nxg6 $11) (19. Bxf4 Bxf3
$1 20. Rxe8+ Qxe8 21. gxf3 Nxf4 22. Bxh7+ Kh8 $44 {with full compensation for
the lost pawn}) 19... Qxe8 20. Re1 Qc8 21. Qxc8+ Rxc8 22. Bb1 $11 {White keeps
the bishop pair, but it's really hard to remove the f4-knight. Black can
simply play ...Bd5, ...Kf8 and achieve equality.}) 19. Rxe1 Qf6 20. Be4 $16 Re8
{Now it was a critical moment. How can he increase the advantage? There were
many moves available.} 21. Bxd5 $5 {After a long think, I went for this line.}
(21. Qb3 $5 Ndf4 $1 {forced to avoid huge material losses} 22. Bxb7 Rxe1+ 23.
Nxe1 Qe7 $1 24. Qe3 Ne2+ 25. Kf1 Nxg3+ 26. Qxg3 Qxb7 27. Qxd6 $16 {I saw this
position, but ended up choosing a different way to win a pawn. Here White has
a long technical job ahead, but good chances to convert it into a win.}) (21.
h4 {removing any 8th rank problems and also planning h5} Rc8 $1 22. Qb3 Nge7
$16 {and Black is able to consolidate the d5-square. White is still better,
but there is no simple way to improve here. During the game, I thought I could
play 21.h3 instead, so I could have an important Bh4! move now, winning.}) (21.
h3 {but this move allows a nice response:} h5 $1 (21... Rc8 $2 22. Qb3 Nge7 23.
Bh4 $1 $18 {as mentioned before}) 22. Qb3 h4 23. Bh2 Ngf4 $1 {and White isn't
going anywhere since Black has a strong defensive resource against Bxf4:} 24.
Bxf4 Nxf4 25. Bxb7 Rxe1+ 26. Nxe1 Ne2+ 27. Kh1 Qxf2 28. Nf3 Ng3+ 29. Kh2 Nf1+
30. Kh1 Ng3+ 31. Kh2 $11) 21... Rxe1+ 22. Nxe1 Bxd5 23. Qc8+ Nf8 24. Qb8 {
I saw this position when choosing 21.Bxd5, and I felt like it would be enough
for a win, even knowing that we had opposite-coloured bishops and that he has
some 8th rank mating threats.} Qe7 $1 {bringing the queen over to b7.} (24...
Qe6 25. Nf3 Bxf3 26. gxf3 d5 {defends his pawns, and Bd6 is not possible
because of ...Qg6+!} 27. h4 $1 {threatening Bd6} (27. Bd6 $6 Qg6+ {forcing the
bishop to go back}) 27... Qg6 (27... f6 28. Bd6 Qf7 29. Qxb6 $18) 28. Kf1 Qb1+
29. Kg2 Qg6 30. Qd8 $18 {followed by Qxd5, with a decisive advantage.}) 25. Nf3
Qb7 $1 26. Qd8 {Naturallly I want to keep the queens to make the Bxd6 threat
even stronger.} Qd7 (26... Qa8 27. Qxb6 $16) (26... b5 $5 27. Bxd6 Qa8 28. Qxa8
Bxa8 29. Bxf8 Kxf8 30. Nd2 $16 {feels like a won endgame, after f3-Kf2-Ke3.})
27. Qxb6 Qf5 28. h4 h6 29. Qd8 $1 (29. Qxa6 $5 {was also possible, but I
didn't want to concede any counterplay} Bxf3 30. gxf3 Qxf3 31. Qxd6 Ng6 $132 {
and Black can try ...Kh7 followed by f5.}) 29... Qb1+ (29... Qd7 {would be a
very bad endgame for Black:} 30. Qxd7 Nxd7 31. Bxd6 $18) 30. Kh2 Qf1 31. Qxd6
$18 Bxf3 32. gxf3 Ne6 33. Qb8+ $1 Kh7 34. Qe5 Qd1 35. Qe4+ $1 (35. d5 $2 {
it is never late to go wrong!} Nd4 $1 36. Qe3 (36. Qe4+ $2 f5 $19) 36... Nxf3+
37. Kg2 Ne1+ 38. Kh2 Nf3+ 39. Kg2 $11) 35... Kg8 36. d5 Nd4 37. Kg2 Nc2 (37...
Ne2 38. Bh2 $18 {defending ...Qg1.}) 38. d6 Ne1+ 39. Kh3 Nxf3 40. Qe8+ Kh7 41.
Qxf7 {And the white king has a clear route to the centre.} Qf1+ 42. Kg4 Ng1 43.
d7 Qd1+ (43... Qh3+ 44. Kf4 $18) 44. f3 Qd4+ 45. Bf4 Qd1 46. Be5 $1 h5+ 47.
Qxh5+ Kg8 48. Qe8+ Kh7 49. Qf7 Qa4+ 50. b4 1-0

[Event "Lost Boys op"]
[Site "Antwerp"]
[Date "1998.08.03"]
[Round "4"]
[White "Azmaiparashvili, Zurab"]
[Black "Stefansson, Hannes"]
[Result "1-0"]
[WhiteElo "2655"]
[BlackElo "2535"]
[Annotator "Meulders,R"]
[PlyCount "41"]
[EventDate "1998.08.??"]
[EventType "swiss"]
[EventRounds "9"]
[EventCountry "BEL"]
[SourceTitle "CBM 067"]
[Source "ChessBase"]
[SourceDate "1998.11.30"]
[SourceVersion "2"]
[SourceVersionDate "1998.11.01"]
[SourceQuality "1"]

1. d4 Nf6 2. c4 e6 3. Nf3 b6 4. Nc3 Bb7 5. a3 d5 6. Bg5 Be7 7. Qa4+ c6 {
Diese Stellung gilt als ein bißchen passiv aber doch solide, ähnlich dem
Abgelehnten Damengambit.} (7... Nbd7 $2 8. Ne5 $1) 8. Bxf6 {Hier wurde auch
einige Male sofort 8.cxd5 gespielt.} Bxf6 9. e4 ({Auch hier wurde ab und zu
cxd5 gespielt. Ein rezenter Beispiel ist Van Wely-Onischuk, Fontys 1997:} 9.
cxd5 exd5 10. g3 O-O 11. Bg2 c5 12. Rd1 Qe7 13. O-O Rd8 14. e3 Na6 15. Rfe1 Nc7
16. h4 Ne6 17. Nh2 h5 18. Qb3 Qd7 19. dxc5 Nxc5 20. Qc2 {mir Remis nach 114
Zügen.}) 9... dxc4 (9... O-O 10. Rd1 Nd7 11. cxd5 exd5 12. Bd3 c5 13. Nxd5 Bxd5
14. exd5 cxd4 15. Nxd4 Nc5 16. Qc4 Re8+ 17. Be2 Bxd4 18. Rxd4 Qf6 19. d6 Rad8
20. d7 Nxd7 21. O-O Rxe2 22. Rxd7 Rxb2 23. Rxa7 g6 24. h3 Rbd2 {1/2-1/2 Piket,
J-Van der Wiel,J/Antwerpen 1993.}) 10. Qxc4 O-O 11. Rd1 Nd7 (11... Ba6 12. Qa4
Bxf1 13. Kxf1 {/\g3,Kg2}) 12. e5 Be7 13. Bd3 b5 ({Motwani-Agdestein, Isle of
Lewis 1995, sah} 13... Qb8 $1 {/\c5} 14. Be4 a5 15. Qd3 h6 16. Qe3 b5 {und
Schwarz stand nicht slechter. Die Partie wurde Remis.}) 14. Qb3 c5 $6 {
Uncharakteristisch scharf.} 15. Qc2 $1 Bxf3 16. gxf3 Qa5 17. f4 $1 {Ein
besonders starker Zug: Pe5 wird unterstützt und das Umspiel Rd3/Rh3 wird
vorbereitet.} b4 {Stefansson ist völlig durch seinem Gefühl vor Gefahr
verraten. ..h6 oder selbst ...g6 war notwendig.} 18. Bxh7+ Kh8 19. Rd3 $1 Rfc8
{Te laat; de brand is niet meer te blussen. Zu spät, der Brand ist nmicht mehr
zu löschen.} 20. Rh3 Nf8 21. Qe2 $1 (21. Qe2 bxc3 22. Bg6+ Kg8 (22... Nh7 23.
Rxh7+ Kg8 24. Rh8+ Kxh8 25. Qh5+ Kg8 26. Qh7+ Kf8 27. Qh8#) 23. Rh8+ $3 Kxh8
24. Qh5+ Kg8 25. Bxf7#) 1-0